01146nam a2200289 a 4500001001000000003000900010005001700019007001000036008003800046020001500084040002200099082002000121092000600141100002800147245007100175260003600246300002800282500007000310590006600380650003600446650003600482910004900518942001200567952012600579952013600705999001500841000012497DO-SdBNP20220307122936.0000012497091113s2006 dr a 001 j spa d z9945160206 aBPMSUbspacBPMSU 4aRD863.44bG934j b 1 aGuerrero, Celio,d1951-13aEl juez que se volvió loco ...y otros cuentos /cCelio Guerrero. aSanto Domingo :bBúho,c2006. a140 p. :bil. ;c22 cm. aIncluye datos biográficos del autor en la solapa de la cubierta aLa biblioteca posee dos ejemplares autografiados por el autor 4aCuentos infantiles dominicanos  4aLiteratura infantil dominicana  aVMateo V./Validado. Control de calidad BNPHU 2ddccBK 00102ddc40708CDaBPMETbBPMETd2017-09-28l0oBPMSU CD RD863.44 G934j 2006pBPMSU17090032r2017-09-28w2017-09-28yBK 00102ddc40708CDaBPMETbBPMETd2017-09-28ee.2l0oBPMSU CD RD863.44 G934j 2006pBPMSU22030009r2022-03-07te.2w2017-09-28yBK c7630d7630